000 00644nam a2200241Ia 4500
001 13824
005 20240113235506.0
007 ta
008 051116s a g b000 u asm u
040 _aCotton College,Assam
041 _aasm
082 _a891.4111
_bSa 58 Sr
100 _aSankardev, .
245 0 _aSrimadbhagavat (Dasham Skandha) /
_cSankardev.
_hTextual Documents
250 _a1st ed. /
260 _aSl :
_bPrasanna Narayan Bhagabati ,
_cnd.
300 _a576p. :
_bill ;
_c17cm .
653 _aAssamese Poetry-Religion
653 _aG-Assamese
942 _2ddc
_cBK
999 _c13810
_d13810